| 000 | 01032cam a22003135a 4500 | ||
|---|---|---|---|
| 001 | 18104845 | ||
| 005 | 20150813150102.0 | ||
| 008 | 140407t2015 enka frb 001 0 eng d | ||
| 020 | _a1292018402 | ||
| 020 | _a9781292018409 | ||
| 040 |
_aDLC _beng _cDLC _dEG-ScBUE |
||
| 082 | 0 | 4 |
_a658.15 _bBER _222 |
| 100 | 1 |
_aBerk, Jonathan B., _d1962- _938306 |
|
| 245 | 1 | 0 |
_aFundamentals of corporate finance / _cJonathan Berk, Peter DeMarzo, Jarrad Harford. |
| 250 | _a3rd ed., Global ed. | ||
| 260 |
_aHarlow : _bPearson Education Limited, _cc.2015. |
||
| 300 |
_a784 p. : _bill. (chiefly col.) ; _c27 cm. |
||
| 490 | 1 | _aThe Pearson series in finance | |
| 500 | _aIndex : p. 761-784 | ||
| 504 | _aIncludes bibliographical references. | ||
| 650 | 0 |
_aCorporations _xFinance. _2BUEsh |
|
| 651 | _2BUEsh | ||
| 653 |
_bBUSADM _cJune2015 _cAugust2015 |
||
| 655 |
_vreading book _934232 |
||
| 700 | 1 |
_aDeMarzo, Peter M. _920710 |
|
| 700 | 1 | _aHarford, Jarrad V. T. | |
| 830 | 4 | _aThe Pearson series in finance | |
| 942 |
_2ddc _k658.15 BER |
||
| 999 |
_c19691 _d19663 |
||